Statistics for Republic of Ireland or Northern Ireland ?

Click here to take the quiz!

General Stats

  • This quiz has been taken 139 times
  • The average score is 14 of 15

Answer Stats

PlacenameS or N% Correct
EnniskillenN
100%
GalwayS
98%
KilbegganS
96%
DunmurryN
95%
MitchelstownS
95%
BallinamallardN
94%
MagheraN
94%
KilreaN
94%
DrumcliffS
94%
CrossmolinaS
94%
BallybunionS
94%
FintonaN
93%
RandalstownN
92%
UrlingfordS
92%
BruffS
92%

Score Distribution

Percentile by Number Answered

Percent of People with Each Score

Your Score History

You have not taken this quiz